|
|
|
|
| LEADER |
01580nam a22003734a 4500 |
| 001 |
35640 |
| 003 |
BD-DhAAL |
| 005 |
20211206115506.0 |
| 008 |
200210t2004 caua bf 001 0 eng d |
| 999 |
|
|
|c 42207
|d 42207
|
| 010 |
|
|
|a 2003013401
|
| 020 |
|
|
|a 0761931252 (pbk. : alk. paper)
|
| 020 |
|
|
|a 9780761931256
|
| 040 |
|
|
|a DLC
|c DLC
|d DLC
|d BD-DhAAL
|
| 042 |
|
|
|a pcc
|
| 050 |
0 |
0 |
|a LB1028.3
|b .T59 2004
|
| 082 |
0 |
0 |
|a 371.33
|2 21
|
| 100 |
1 |
|
|a Tileston, Donna Walker.
|9 39214
|
| 245 |
1 |
0 |
|a What every teacher should know about using media and technology /
|c Donna Walker Tileston.
|
| 246 |
3 |
0 |
|a Using media and technology
|
| 260 |
|
|
|a Thousand Oaks, Calif. :
|b Corwin Press,
|c c2004.
|
| 300 |
|
|
|a xvii, 74 pages :
|b illustrations ;
|c 23 cm.
|
| 490 |
1 |
|
|a What every teacher should know about--
|
| 504 |
|
|
|a Includes bibliographical references (p. 69) and index.
|
| 526 |
|
|
|a BIED
|
| 541 |
|
|
|a Complimentary copy from BIED
|e 35640
|
| 650 |
|
0 |
|a Educational technology
|v Handbooks, manuals, etc.
|9 39215
|
| 650 |
|
0 |
|a Media literacy
|v Handbooks, manuals, etc.
|9 39216
|
| 650 |
|
0 |
|a Internet in education
|v Handbooks, manuals, etc.
|9 39217
|
| 800 |
1 |
|
|a Tileston, Donna Walker.
|t What every teacher should know about--
|9 39218
|
| 830 |
|
|
|a What every teacher should know about--
|9 39219
|
| 852 |
|
|
|a Ayesha Abed Library
|c BIED Collection
|
| 942 |
|
|
|2 ddc
|c BK
|
| 952 |
|
|
|0 0
|1 0
|2 ddc
|4 0
|6 371_330000000000000_TIL
|7 0
|9 67909
|a BRACUL
|b BRACUL
|c GEN
|d 2020-02-10
|e Complimentary copy from BIED
|l 0
|o 371.33 TIL
|p 3010035640
|r 2020-02-10
|t 1
|w 2020-02-10
|y BK
|x Transferred from BIED to General Stacks
|